| 000 | 00804nam a2200229 a 4500 | ||
|---|---|---|---|
| 001 | 000015387 | ||
| 005 | 20260408193042.0 | ||
| 008 | 100208s2001 dr 001 0 spa d | ||
| 040 |
_aDO-SdBNP _bspa _cBNPHU |
||
| 082 |
_a327.11 _bP429g |
||
| 100 | 1 |
_aPércival, Rafael _934649 |
|
| 245 | 1 | 0 |
_aGarras y colmillos : _bseguridad y defensa antes y después del 11 de septiembre / _cRafael Pércival ; prólogo Jesús Tellerías. |
| 260 |
_aSanto Domingo : _bMente, _c[2001?]. |
||
| 300 |
_a251 p. ; _c22 cm. |
||
| 500 | _aIncluye notas y referencias bibliográficas al pie de páginas. | ||
| 650 | 4 |
_aGuerra fría _92973 |
|
| 650 | 4 |
_aTáctica militar _934756 |
|
| 650 | 0 |
_aDefensa (Ciencia militar) _910932 |
|
| 650 | 0 |
_aTerrorismo _93230 |
|
| 700 | 1 |
_aTellerías, Jesús _epról. _934757 |
|
| 049 | _aBNPD | ||
| 999 |
_c14949 _d14949 |
||